000 00410cam a2200169ua 4500
020 _c3.00
041 _aeng
_h
082 _a930
_bCOU/SH
100 _aCourlander, Harold .
245 _aShaping Our Times /
_cHarold Courlander.
_hTextual Documents
260 _aMadras :
_bHigginbothams limited ,
_c1967.
300 _a226 ; .
365 _a3.00
504 _a
942 _cBK
999 _c1239
_d1239